Elements of environmental economics / (Record no. 29697)

MARC details
000 -LEADER
fixed length control field 00799nam a22002177a 4500
005 - DATE AND TIME OF LATEST TRANSACTION
control field 2009082708098.0
008 - FIXED-LENGTH DATA ELEMENTS--GENERAL INFORMATION
fixed length control field 090827t xxu||||| |||| 00| 0 eng d
010 ## - LCCN (DPL NO)
LC control number ENG-94929
020 ## - INTERNATIONAL STANDARD BOOK NUMBER
International Standard Book Number 9788190821025
Terms of availability 90.00
035 ## - SYSTEM CONTROL NUMBER
System control number EN-78462
037 ## - SOURCE OF ACQUISITION
Source of stock number/acquisition DBAD / PUB
040 ## - CATALOGING SOURCE
Original cataloging agency dpl
Language of cataloging English
082 ## - DEWEY DECIMAL CLASSIFICATION NUMBER
Classification number 333.7
100 ## - MAIN ENTRY--PERSONAL NAME
Personal name Gnana Guru, K.
245 ## - TITLE STATEMENT
Title Elements of environmental economics /
Statement of responsibility, etc by K. Gnana Guru
260 ## - PUBLICATION, DISTRIBUTION, ETC. (IMPRINT)
Place of publication, distribution, etc Coimbatore
Name of publisher, distributor, etc A.E. Publications
Date of publication, distribution, etc 2009
270 ## - ADDRESS
Address No.10, Sundaram St.-1, P.N. Pudur,
City Coimbatore
Postal code 641041
300 ## - PHYSICAL DESCRIPTION
Extent 100p.
Dimensions 22cm(pbk)
942 ## - ADDED ENTRY ELEMENTS (KOHA)
Source of classification or shelving scheme Dewey Decimal Classification
Item type English Books
Call number suffix GNA
Classification part 333.7
Holdings
Withdrawn status Lost status Source of classification or shelving scheme Damaged status Not for loan Collection code Home library Current library Date acquired Source of acquisition Cost, normal purchase price Total Checkouts Full call number Barcode Date last seen Copy number Cost, replacement price Koha item type
    Dewey Decimal Classification   Not For Loan Non-fiction D.B.Act.Division D.B.Act.Division 27/08/2009 DBAD / PUB 90.00   333.7 GNA EN-78462 27/08/2009 1 90.00 English Books

© Delhi Public Library
Hit Counter
free hit counter